000 01247nam2a22002411 4500
001 RU\NLR\INFOCOMM18\1000069805
005 20250617134444.0
035 _a(NLR Aleph) 002640724
090 _a3783009
_c3783009
100 _a20040116d2001 |||y0rusy50 ca
101 0 _arus
102 _aRU
105 _ay |||||||||
200 0 _a№17
210 _d2001
_aБ. м.
461 0 _1001RU\NLR\INFOCOMM18\1000069797
_12001#$aВестник SETI$eИнформ. бюл.$fНауч. совет по астрономии РАН. Секция "Поиски внезем. цивилизаций", Рос. акад. космонавтики им. К.Э. Циолковского. Науч.-культ. центр SETI$v№17
_93782986
_cМ.
_d1993-
_fНауч. совет по астрономии РАН. Секция "Поиски внезем. цивилизаций", Рос. акад. космонавтики им. К.Э. Циолковского. Науч.-культ. центр SETI
_nНауч. совет по астрономии РАН
_oИнформ. бюл.
_tВестник SETI
_v№17
801 1 _aRU
_bInfoComm
_c20040116
801 0 _aRU
_bNLR
_gPSBO
852 _aNLR
_jП7/2513
942 _cISSUE
980 _aNB
980 _aRUSPER